Foundations of modern economics series. / (Record no. 876)

MARC details
000 -LEADER
fixed length control field 00721nam a22001577a 4500
008 - FIXED-LENGTH DATA ELEMENTS--GENERAL INFORMATION
fixed length control field 120514t xxu||||| |||| 00| 0 eng d
050 ## - LIBRARY OF CONGRESS CALL NUMBER
Classification number HD82.G73
100 ## - MAIN ENTRY--PERSONAL NAME
Personal name Grossman, Gregory
245 ## - TITLE STATEMENT
Title Foundations of modern economics series. /
Statement of responsibility, etc. Gregory Grossman
260 ## - PUBLICATION, DISTRIBUTION, ETC.
Place of publication, distribution, etc. U.S.A:
Name of publisher, distributor, etc. Prentice Hall,
Date of publication, distribution, etc. c1967.
300 ## - PHYSICAL DESCRIPTION
Extent viii,120p.
Other physical details ill;
Dimensions 23cm.
500 ## - GENERAL NOTE
General note Includes index
505 ## - FORMATTED CONTENTS NOTE
Formatted contents note Contents: Criteria and values -- Some institutions and problems -- Ideologies and ''ISMS'' -- The Capitalist market economy -- Planning and control in capitalist market economies -- The Command economy: the USSR -- The Soviet market economy: Yugoslavia -- Systems and people -- Selected readings.
650 ## - SUBJECT ADDED ENTRY--TOPICAL TERM
Topical term following geographic name entry element Economics
942 ## - ADDED ENTRY ELEMENTS (KOHA)
Source of classification or shelving scheme Library of Congress Classification
Koha item type Books
Holdings
Withdrawn status Lost status Source of classification or shelving scheme Damaged status Not for loan Home library Current library Shelving location Date acquired Total Checkouts Full call number Barcode Date last seen Price effective from Koha item type
    Library of Congress Classification     WISCONSIN INTERNATIONAL UNIVERSITY COLLEGE, GHANA - MAIN LIBRARY WISCONSIN INTERNATIONAL UNIVERSITY COLLEGE, GHANA - MAIN LIBRARY General Stacks 14/05/2012   HD82.G73 1649/12 14/05/2012 14/05/2012 Books

If you have any concerns or questions; kindly contact the library


© Powered by WIUC ICT DIRECTORATE